Kuruluş: (Record no. 14023)

MARC details
000 -BAŞLIK
Sabit Uzunlukta Kontrol Alanı 00631nam a22002177a 4500
999 ## - SİSTEM KONTROL NUMARALARI (KOHA)
Koha Biblionumber 14023
Koha Biblioitemnumber 14023
001 - KONTROL NUMARASI
Denetim Alanı 24393
003 - KONTROL NUMARASI IDENTIFIER
Denetim Alanı MIRAKIL
005 - SON İŞLEM TARİHİ VE ZAMANI
Denetim Alanı 20200911133656.0
008 - SABİT-BOY VERİ ELEMANLARI - GENEL BİLGİLER
Sabit Uzunlukta Kontrol Alanı 200911b tu ||||| |||| 00| 0 tur d
040 ## - KATALOGLAMA KAYNAK
Orijinal Kataloglama Ajansı TR-AnCHP
Kataloglama Dili tur
Metne Dönüştürmek Ajansı TR-AnCHP
041 ## - DİL KODU
Metin / Ses Parça Veya Ayrı Başlığın Dil Kodu tur
082 ## - DEWEY ONLU SINIFLANDIRMA NUMARASI
Sınıflandırma Numarası 956.1023
Ürün Numarası T25k 1997
100 ## - ANA GİRİŞ - KİŞİSEL İSİM
Kişisel Ad Tanör, Bülent
245 ## - BAŞLIK TABLOSU
Başlık Kuruluş:
Başlığın Kalan (Türkiye: 1920 sonraları)/
Sorumluluk Tablosu, Vb Bülent Tanör
260 ## - YAYIN, DAĞITIM, VB
Yayın, Dağıtım, Vb Yeri İstanbul:
Yayıncı, Dağıtıcı, Vs Adı Yenigün Haber Ajansı,
Yayın, Dağıtım, Vb Tarihi 1997.
300 ## - FİZİKSEL TANIM
Kapsam 190 s.:
Boyutlar 19 sm.
650 ## - KONU KATMA GİRİŞ - TOPİKAL DÖNEM
Topikal Süreli Veya Coğrafi Ad Giriş Elemanı Cumhuriyetin İlanı
Genel Alt Bölümü Türkiye
650 ## - KONU KATMA GİRİŞ - TOPİKAL DÖNEM
Topikal Süreli Veya Coğrafi Ad Giriş Elemanı Saltanatın kaldırılması
Genel Alt Bölümü Türkiye
650 ## - KONU KATMA GİRİŞ - TOPİKAL DÖNEM
Topikal Süreli Veya Coğrafi Ad Giriş Elemanı Türkiye
Genel Alt Bölümü Tarih
Kronolojik Alt Bölümü 1920-
942 ## - EKLENDİ GİRİŞ ELEMANLARI (KOHA)
Sınıflandırma Veya Raf Düzeni Kaynak Dewey Decimal Classification
Koha Öğesi Türü Books
Holdings
Kalıcı Konum Mevcut Konum Edinme Tarihi Toplam Check-Out'Lar Tam Çağrı Numarası Barkod Tarih Son Görülme İtibaren Geçerli Fiyatlar Sigara Kamu Notu Koha Öğesi Türü
CHP Kütüphanesi CHP Kütüphanesi 09/11/2020   956.1023 T25k 1997 019520 09/11/2020 09/11/2020 Emine Başak Alkan Bağışıdır. Books
CHP Kütüphanesi CHP Kütüphanesi 04/28/2022   956.1023 T25k 1997 020421 04/28/2022 04/28/2022   Books